Statistics for Taiwan First Level Subdivisions

Click here to take the quiz!

General Stats

  • This quiz has been taken 66 times
  • The average score is 5 of 8

Answer Stats

Zhíxiáshì% Correct
Taipei
100%
Kaohsiung
76%
New Taipei
76%
Taichung
73%
Tainan
73%
Taoyuan
58%
Taiwan
45%
Fujian
39%

Score Distribution

Percentile by Number Answered

Percent of People with Each Score

Your Score History

You have not taken this quiz